Γυναικεία πρότυπα στα σχολικά και εξωσχολικά βιβλία : διπλωματική εργασία

Αποθηκεύτηκε σε:
Λεπτομέρειες βιβλιογραφικής εγγραφής
Κύριος συγγραφέας: Σελίμη, Ηλιάνα
Συγγραφή απο Οργανισμό/Αρχή: Πανεπιστήμιο Αιγαίου Σχολή Ανθρωπιστικών Σπουδών Τμήμα Επιστημών Προσχολικής Αγωγής και Εκπαιδευτικού Σχεδιασμού
Άλλοι συγγραφείς: Βιτσιλάκη, Χρυσή (Εισηγητής διατριβής), Ζερβού, Αλεξάνδρα Κ. (Εισηγητής διατριβής), Γιαννικοπούλου, Αγγελική Α. (Εισηγητής διατριβής)
Μορφή: Thesis Βιβλίο
Γλώσσα:Greek
Δημοσίευση: Ρόδος : Πανεπιστήμιο Αιγαίου, Τμήμα Επιστημών Προσχολικής Αγωγής και Εκπαιδευτικού Σχεδιασμού, 2003.
Θέματα:
Ετικέτες: Προσθήκη ετικέτας
Δεν υπάρχουν, Καταχωρήστε ετικέτα πρώτοι!

MARC

LEADER 00000cam a2200000 i 4500
001 1/57337
008 040610s2003 gre d
035 |l 10073753 
040 |a GR-MY-UA  |b gre  |e aacr 
041 0 |a gre 
082 7 |a 305.4   |2 (21) 
100 1 |a Σελίμη, Ηλιάνα. 
245 1 0 |a Γυναικεία πρότυπα στα σχολικά και εξωσχολικά βιβλία :   |b διπλωματική εργασία /   |c Σελίμη Ηλιάνα ; επιβλέπουσα καθηγήτρια: Βιτσιλάκη-Σορωνιάτη Χρυσή ; συνεπιβλέπουσες: Ζερβού Αλεξάνδρα, Γιαννικοπούλου Αγγελική.  
260 |a Ρόδος :   |b Πανεπιστήμιο Αιγαίου, Τμήμα Επιστημών Προσχολικής Αγωγής και Εκπαιδευτικού Σχεδιασμού,   |c 2003.  
300 |a 97 σ. ;   |c 3 εκ. 
502 |a Πτυχιακή εργασία – Πανεπιστήμιο Αιγαίου, Ρόδος, 2003. 
504 |a Περιέχει βιβλιογραφικές αναφορές και παράρτημα. 
610 2 0 |a University of the Aegean  |x Dissertations. 
650 0 0 |a Women  |x Social conditions. 
650 0 0 |a Feminism. 
650 0 0 |a Women in literature. 
650 0 0 |a Gender identity in literature. 
650 0 0 |a Dissertations, Academic  |z Greece. 
700 1 |a Βιτσιλάκη, Χρυσή.  |4 ths 
700 1 |a Ζερβού, Αλεξάνδρα Κ.  |4 ths 
700 1 |4 ths  |a Γιαννικοπούλου, Αγγελική Α. 
710 2 |a Πανεπιστήμιο Αιγαίου  |b Σχολή Ανθρωπιστικών Σπουδών  |b Τμήμα Επιστημών Προσχολικής Αγωγής και Εκπαιδευτικού Σχεδιασμού. 
852 |a INST  |b RHODES  |c DIATR  |e 20040610  |h 305.4 ΣΕΛ  |p 005400018818  |q 005400018818  |t DIE  |y 23 
852 |a INST  |b RHODES  |c DIATR  |e 20040610  |h 305.4 ΣΕΛ  |p 005400018819  |q 005400018819  |t DIE  |y 23 
901 |a BIBL4-2004-2 
909 |a Ρ  |b 109692 
909 |a Ρ  |b 109695 
924 |a ΣΕΛΙΜΗ  |b ΗΛΙΑΝΑ  |y Ρόδος  |z 2003-07 
970 |a ΚΟΥΛΑΚΙΟΤΗ  |b ΛΙΤΣΑ  |z 2004/06/10